|
|
|
|
| LEADER |
00000cam a2200000 a 4500 |
| 001 |
vtls008325141 |
| 003 |
SK-MaSNL |
| 005 |
20260302052403.0 |
| 008 |
210928s1968 xo g 000 j slo |
| 015 |
|
|
|a SNBA1968/11-02158
|
| 020 |
|
|
|q (viaz.)
|
| 035 |
|
|
|a SK01SNK19680017358
|
| 035 |
|
|
|a SKM000019821
|
| 040 |
|
|
|a SNK
|b slo
|c SNK
|e AACR2
|
| 041 |
1 |
|
|a slo
|h bul
|
| 044 |
|
|
|a xo
|c SK
|
| 072 |
|
7 |
|a 821.163
|x Južnoslovanské literatúry
|2 konspekt
|
| 080 |
|
|
|a 821.163.2-32
|2 2001
|
| 245 |
0 |
0 |
|a Poľovnícke šťastie
|b bulharské poľovnícke poviedky
|c [kolektív aut. ; z bulharčiny preložila Júlia Stajková]
|
| 250 |
|
|
|a 1. vyd.
|
| 260 |
|
|
|a V Bratislave
|b Slovenské vydavateľstvo pôdohospodárskej literatúry
|c 1968
|
| 300 |
|
|
|a 231 s.
|c 21 cm
|
| 366 |
|
|
|e 10000 výt.
|
| 490 |
1 |
|
|a Trofeje
|v 4
|
| 655 |
|
7 |
|a poľovnícke poviedky
|2 SNKPH
|9 72949
|
| 655 |
|
7 |
|a bulharské poviedky
|2 SNKPH
|9 166694
|
| 700 |
1 |
|
|a Stajková, Júlia,
|d 1921-2001
|4 trl
|9 5194
|
| 830 |
|
0 |
|a Trofeje
|9 423722
|
| 852 |
|
|
|a Slovenská národná knižnica v Martine
|b 10000
|h SC 24318
|
| 852 |
|
|
|a Slovenská národná knižnica v Martine
|b 10000
|h SC 24318 D1
|
| 958 |
|
|
|a RK
|
| 958 |
|
|
|a OND
|
| 999 |
|
|
|c 1104990
|d 1106920
|
| 952 |
|
|
|a SNK
|b SNK
|y PREZ
|7 0
|p 17A0592680
|o snkSC 24318
|i snkKSP 6125/68
|0 0
|1 0
|4 0
|d 2010-04-06
|l 0
|r 2026-02-24 17:42:54
|w 2026-02-24
|
| 952 |
|
|
|a SNK
|b SNK
|y VYP
|7 0
|p 17A0452140
|o snkSC 24318 D1
|i snkKSP 6126/68
|0 0
|1 0
|4 0
|d 2010-04-06
|l 0
|r 2026-02-24 17:42:54
|w 2026-02-24
|